000 00877nam a2200241 i 4500
001 74305
003 ES-MaACL
005 20250827050707.0
007 t|
008 040917s1952 sp ||||1| spa d
100 1 _aGonzález Galván, José María.
_958643
245 1 0 _aCaminos, pueblos y paisajes /
_cDr. José M. González-Galván.
260 _aMadrid :
_bEditoria Nacional,
_c1952 (
_fGráf. Valera)
300 _a353 p. ;
_c21 cm.
510 _aCCPB,
_c000999968-X
650 7 _aViajes
_2embne
_917778
852 _aES-MaACL
_jD-7816
852 _aES-MaACL
_jD-6489
_977095
_bR.32529
_bR.M.6082
_cSVI
_fSello en tinta azul de la Biblioteca del Ateneo de Madrid
942 _2udc
_cMONOGRAFIA
999 _c74305
_d74305